Roztroušená skleróza v praxi /

Hlavní autor: Kubala Havrdová, Eva, 1955-
Jazyk: Čeština
Vydáno: Praha : Galén, [2015]
Vydání: První vydání
Témata:
Fyzický popis: 161 stran : barevné ilustrace ; 17 cm
Knihy
Uloženo v:
LEADER 01509cam a2200421 i 4500
001 nkc20152710001
003 CZ PrNK
005 20150820075407.0
007 ta
008 150608t20152015xr a f 001 0 cze
015 |a cnb002710001 
020 |a 978-80-7492-189-6  |q (brožováno) 
035 |a (OCoLC)918017094 
040 |a PNA001  |b cze  |d ABA001  |e rda 
072 7 |a 616  |x Patologie. Klinická medicína  |2 Konspekt  |9 14 
080 |a 616.8-003.99-022.6  |2 MRF 
080 |a (048.8:082)  |2 MRF 
100 1 |a Kubala Havrdová, Eva,  |d 1955-  |7 nlk19990073204  |4 aut 
245 1 0 |a Roztroušená skleróza v praxi /  |c Eva Havrdová et al. 
250 |a První vydání 
264 1 |a Praha :  |b Galén,  |c [2015] 
264 4 |c ©2015 
300 |a 161 stran :  |b barevné ilustrace ;  |c 17 cm 
336 |a text  |b txt  |2 rdacontent 
337 |a bez média  |b n  |2 rdamedia 
338 |a svazek  |b nc  |2 rdacarrier 
504 |a Obsahuje bibliografii a rejstřík 
521 8 |a Určeno odborné veřejnosti 
650 0 7 |a roztroušená skleróza  |7 ph180724  |2 czenas 
650 0 9 |a multiple sclerosis  |2 eczenas 
655 7 |a kolektivní monografie  |7 fd501537  |2 czenas 
655 9 |a collective monographs  |2 eczenas 
910 2 |a BOA001  |b 1-1350.921 
990 |a BK 
995 |a 01 
991 |b 201508  |c NOV  |e n 
996 6 |b 2610641508  |c 1-1350.921  |l MZK  |r Sklad / do 1 hodiny  |n 7  |p p.v.  |w 001517392  |u 000010  |a 1  |e BOA001  |j MZK50  |s P 
996 7 |b 2610642305  |c 1-1350.921  |l Vol.výběr  |r VV 1p  |n 24  |p kup  |h 616.8 HAV  |w 001517392  |u 000020  |a 0  |e BOA001  |j MZK50  |s A